000 00570nam a2200169 i 4500
001 150680
003 ES-MaACL
007 t|
008 071105q19601969xxr ||||1| eng d
245 0 0 _aDevelopment and exploitation of oil and gas fields /
_cI. Muravyov, R. Andriasov...[et al.] ; translation editor Alexander Gurevich.
260 _aMoscow :
_bPeace Publisher,
_c[196-?]
300 _a503 p. :
_bil. ;
_c22 cm.
700 1 _aMuravyov, I.
_984548
700 1 _aAndriasov, R.
_921670
700 1 _aGurevich, Alexander.
_960971
852 _aES-MaACL
_jE-5357
_bR.89484
999 _c150680
_d150680